000 00193 a2200097 4500
001 23587
100 _aTaylor,
245 _aSpacetine physics
260 _a
_bFreeman
_c
090 _c15972
_d15972
942 _aNUST-CAE
_cM
_c6638
999 _c258660
_d258660